| 000 | 00428nam a22001217a 4500 | ||
|---|---|---|---|
| 008 | 160919b xxu||||| |||| 00| 0 eng d | ||
| 050 | _aBP64.T84W55 2004 | ||
| 100 |
_aWijsen, Frans and Mfumbusa Bernardin _925908 |
||
| 245 |
_aSeeds of Conflict _b:religious tensions in Tanzania _c/ Frans Wijsen and Bernardin Mfumbusa |
||
| 260 |
_aNairobi _bPaulines Publications Africa _c2004 |
||
| 300 |
_a88p.; _c16cm |
||
| 942 |
_2lcc _cMONOGRAPH |
||
| 999 |
_c125271 _d125271 |
||